Kdy nasadit projektové řízení

Projektové riadenie využívané na riadenie rozsiahlych organizačných zmien, fúzií a zavádzania zmien informačných systémov. Plánovanie projektu a stanovenie jasných cieľov. Úloha projektového manažéra. Presná definícia vstupov a výstupov. Plánovanie na základe priorít.

Gespeichert in:
Bibliographische Detailangaben
1. Verfasser: Fišer, Roman
Format: Buchkapitel
Sprache:Tschechisch
Schlagworte:
Tags: Tag hinzufügen
Keine Tags, Fügen Sie das erste Tag hinzu!

MARC

LEADER 00000naa$a2200000$$$4500
001 0034322
005 20231016104455.2
041 0 |a cze 
044 |a CZ 
245 1 0 |a Kdy nasadit projektové řízení  |c Roman Fišer 
520 |a Projektové riadenie využívané na riadenie rozsiahlych organizačných zmien, fúzií a zavádzania zmien informačných systémov. Plánovanie projektu a stanovenie jasných cieľov. Úloha projektového manažéra. Presná definícia vstupov a výstupov. Plánovanie na základe priorít. 
610 2 0 |a riadenie podnikové 
610 2 0 |a riadenie projektové 
610 2 0 |a manažment 
610 2 0 |a manažéri 
610 2 0 |a projekty 
610 2 0 |a fúzie 
610 2 0 |a zmeny organizačné 
610 2 0 |a plánovanie 
610 2 0 |a vstupy 
610 2 0 |a výstupy 
100 1 |a Fišer, Roman